[Event "Erandio op 23rd"]
[Site "Erandio"]
[Date "2014.12.23"]
[Round "5"]
[White "Martinez Fernandez, Adrian"]
[Black "Soto Gandara, Jose"]
[Result "1-0"]
[WhiteElo "1895"]
[BlackElo "1663"]
[PlyCount "85"]
[EventDate "2014.12.20"]
[EventType "swiss"]
[EventRounds "8"]
[EventCountry "ESP"]
[SourceTitle "CBM 164 Extra"]
[Source "ChessBase"]
[SourceDate "2015.03.02"]
[SourceVersion "1"]
[SourceVersionDate "2015.03.02"]
[SourceQuality "1"]

1. e4 e5 2. f4 exf4 3. Bc4 Qh4+ 4. Kf1 d5 5. Bxd5 Nf6 6. Nf3 Qh5 7. Nc3 c6 8. Bb3 Bb4 9. d3 g5 10. Ne5 Qxd1+ 11. Nxd1 Be6 12. h4 Nh5 13. Rh2 Bxb3 14. axb3 f6 15. Nf3 Ng3+ 16. Kf2 Bc5+ 17. Ke1 g4 18. Bxf4 Nxe4 19. dxe4 gxf3 20. gxf3 Rg8 21. Be3 Bd6 22. Rd2 Bg3+ 23. Bf2 Nd7 24. Ke2 a6 25. Ne3 Bxf2 26. Kxf2 0-0-0 27. Nf5 Rde8 28. Nd6+ Kd8 29. Nxe8 Kxe8 30. Rad1 Rg7 31. Rxd7 Rxd7 32. Rxd7 Kxd7 33. Ke3 h5 34. f4 Ke6 35. Kd4 b6 36. b4 Kd6 37. e5+ fxe5+ 38. fxe5+ Ke6 39. Ke4 a5 40. bxa5 bxa5 41. b3 c5 42. c4 Ke7 43. Kd5 1-0